Szakdolgozat címe Mentálhigiénés felmérés és fejlesztés egy logisztikai cégnél
| Main Author: | |
|---|---|
| Other Authors: | |
| Format: | Final Paper |
| Kulcsszavak: | HR konfliktuskezelés mentálhigiénia munkahely tréning |
| Online Access: | http://dolgozattar.uni-bge.hu/59649 |
MARC
| LEADER | 00000nta a2200000 i 4500 | ||
|---|---|---|---|
| 001 | dolg59649 | ||
| 005 | 20260409145350.0 | ||
| 008 | 260409suuuu hu o 000 hun d | ||
| 040 | |a BGE Dolgozattár Repozitórium |b hun | ||
| 041 | |a hu | ||
| 100 | 1 | |a Kiss Tamás János | |
| 245 | 1 | 0 | |a Szakdolgozat címe |b Mentálhigiénés felmérés és fejlesztés egy logisztikai cégnél |c Kiss Tamás János |h [elektronikus dokumentum] |
| 516 | |a Final_paper | ||
| 520 | 3 | |a A logisztikai szektorban dolgozók mentális egészsége jelentős kihívásokkal szembesül a szoros határidők, a folyamatos alkalmazkodási kényszer és a rendszertelen munkarend következtében. A dolgozat célja a munkahelyi stressz és konfliktuskezelési helyzetek feltérképezése egy logisztikai cégnél, valamint fejlesztési lehetőségek kidolgozása HR business partneri szerepkörből. A kutatás kvantitatív módszerekkel, kérdőíves felmérés útján történt, amely a közép- és felsővezetők konfliktuskezelési eszköztárát vizsgálta. A válaszok alapján tréningprogram készült a vezetői konfliktuskezelési kompetenciák fejlesztésére. A szakirodalmi áttekintés kitér a munkahelyi stressz okaira, következményeire, valamint a megküzdési stratégiákra és a HR szerepére a konfliktuskezelésben. A dolgozat nemzetközi jó gyakorlatokat is bemutat a mentálhigiénés programok hatékonyságának alátámasztására. A fejlesztési javaslatok célja a munkavállalói jóllét növelése, a szervezeti stressz csökkentése és a vezetői készségek erősítése. | |
| 695 | |a HR | ||
| 695 | |a konfliktuskezelés | ||
| 695 | |a mentálhigiénia | ||
| 695 | |a munkahely | ||
| 695 | |a tréning | ||
| 700 | 1 | |a Heitlerné Lehoczky Mária |e ths | |
| 856 | 4 | 0 | |u http://dolgozattar.uni-bge.hu/59649/1/szakdolgozat_Kiss_Tam%C3%A1s_J%C3%A1nos.pdf |z Dokumentum-elérés |
| 856 | 4 | 0 | |u http://dolgozattar.uni-bge.hu/59649/2/Kiss%20Tam%C3%A1s%20J%C3%A1nos_belso_biralat.pdf |z Dokumentum-elérés |
| 856 | 4 | 0 | |u http://dolgozattar.uni-bge.hu/59649/3/Kiss%20Tam%C3%A1s%20J%C3%A1nos.pdf |z Dokumentum-elérés |